<?xml version="1.0" encoding="UTF-8"?>
<record
    xmlns:xsi="http://www.w3.org/2001/XMLSchema-instance"
    xsi:schemaLocation="http://www.loc.gov/MARC21/slim http://www.loc.gov/standards/marcxml/schema/MARC21slim.xsd"
    xmlns="http://www.loc.gov/MARC21/slim">

  <leader>01219nam2a2200265   4500</leader>
  <controlfield tag="001">RU\NLR\BIBL_A\022708902</controlfield>
  <controlfield tag="005">20260331144132.0</controlfield>
  <datafield tag="010" ind1=" " ind2=" ">
    <subfield code="a">978-5-389-30374-4</subfield>
    <subfield code="9">2000</subfield>
  </datafield>
  <datafield tag="021" ind1=" " ind2=" ">
    <subfield code="a">RU</subfield>
    <subfield code="b">&#x410;&#x41B;-&#x41F;-25-01322&#x438;</subfield>
    <subfield code="9">&#x410;&#x41B;-&#x41F;-25-0249</subfield>
  </datafield>
  <datafield tag="035" ind1=" " ind2=" ">
    <subfield code="a">(NLR Aleph) 022708902</subfield>
  </datafield>
  <datafield tag="090" ind1=" " ind2=" ">
    <subfield code="a">13540478</subfield>
    <subfield code="c">13540478</subfield>
  </datafield>
  <datafield tag="100" ind1=" " ind2=" ">
    <subfield code="a">20260126d2025    u  y0rusy50      ca</subfield>
  </datafield>
  <datafield tag="101" ind1="1" ind2=" ">
    <subfield code="a">rus</subfield>
    <subfield code="c">eng</subfield>
  </datafield>
  <datafield tag="102" ind1=" " ind2=" ">
    <subfield code="a">RU</subfield>
  </datafield>
  <datafield tag="105" ind1=" " ind2=" ">
    <subfield code="a">a   t   000ay</subfield>
  </datafield>
  <datafield tag="200" ind1="1" ind2=" ">
    <subfield code="a">&#x413;&#x440;&#x430;&#x43D;&#x432;&#x438;&#x43B;&#x44C;. &#x427;&#x435;&#x440;&#x43D;&#x430;&#x44F; &#x434;&#x443;&#x448;&#x430;</subfield>
    <subfield code="a">&#x413;&#x440;&#x430;&#x43D;&#x432;&#x438;&#x43B;&#x44C;. &#x41D;&#x43E;&#x432;&#x44B;&#x439; &#x433;&#x43E;&#x434;</subfield>
  </datafield>
  <datafield tag="210" ind1=" " ind2=" ">
    <subfield code="d">2025</subfield>
  </datafield>
  <datafield tag="215" ind1=" " ind2=" ">
    <subfield code="a">214, [1] &#x441;.</subfield>
    <subfield code="c">&#x438;&#x43B;., &#x446;&#x432;. &#x438;&#x43B;.</subfield>
  </datafield>
  <datafield tag="333" ind1=" " ind2=" ">
    <subfield code="a">18+</subfield>
  </datafield>
  <datafield tag="461" ind1=" " ind2="0">
    <subfield code="1">001RU\NLR\BIBL_A\022658819</subfield>
    <subfield code="1">2001#$a&#x413;&#x440;&#x430;&#x43D;&#x432;&#x438;&#x43B;&#x44C;$e&#x433;&#x440;&#x430;&#x444;&#x438;&#x447;&#x435;&#x441;&#x43A;&#x438;&#x439; &#x440;&#x43E;&#x43C;&#x430;&#x43D;$f&#x411;&#x440;&#x430;&#x439;&#x430;&#x43D; &#x422;&#x44D;&#x43B;&#x431;&#x43E;&#x442;$g[&#x43F;&#x435;&#x440;&#x435;&#x432;&#x43E;&#x434; &#x441; &#x430;&#x43D;&#x433;&#x43B;&#x438;&#x439;&#x441;&#x43A;&#x43E;&#x433;&#x43E; &#x415;&#x43A;&#x430;&#x442;&#x435;&#x440;&#x438;&#x43D;&#x44B; &#x414;&#x43E;&#x431;&#x440;&#x43E;&#x445;&#x43E;&#x442;&#x43E;&#x432;&#x43E;&#x439;-&#x41C;&#x430;&#x439;&#x43A;&#x43E;&#x432;&#x43E;&#x439;]$v[&#x41A;&#x43D;. 2]</subfield>
    <subfield code="1">700#1$a&#x422;&#x44D;&#x43B;&#x431;&#x43E;&#x442;$b&#x411;.$f1952-$g&#x411;&#x440;&#x430;&#x439;&#x430;&#x43D;$3RU\NLR\AUTH\770286974</subfield>
    <subfield code="9">13470326</subfield>
    <subfield code="a">&#x422;&#x44D;&#x43B;&#x431;&#x43E;&#x442;, &#x411;. (1952-)</subfield>
    <subfield code="c">&#x421;&#x430;&#x43D;&#x43A;&#x442;-&#x41F;&#x435;&#x442;&#x435;&#x440;&#x431;&#x443;&#x440;&#x433;</subfield>
    <subfield code="d">2025-</subfield>
    <subfield code="f">&#x411;&#x440;&#x430;&#x439;&#x430;&#x43D; &#x422;&#x44D;&#x43B;&#x431;&#x43E;&#x442;</subfield>
    <subfield code="n">&#x410;&#x437;&#x431;&#x443;&#x43A;&#x430;</subfield>
    <subfield code="o">&#x433;&#x440;&#x430;&#x444;&#x438;&#x447;&#x435;&#x441;&#x43A;&#x438;&#x439; &#x440;&#x43E;&#x43C;&#x430;&#x43D;</subfield>
    <subfield code="t">&#x413;&#x440;&#x430;&#x43D;&#x432;&#x438;&#x43B;&#x44C;</subfield>
    <subfield code="v">[&#x41A;&#x43D;. 2]</subfield>
  </datafield>
  <datafield tag="942" ind1=" " ind2=" ">
    <subfield code="c">BOOK</subfield>
  </datafield>
  <datafield tag="980" ind1=" " ind2=" ">
    <subfield code="a">NB</subfield>
  </datafield>
</record>
